000 00565nam a2200193 a 4500
001 000019369
005 20200929170009.0
008 100626s1997 pn 000 p spa d
040 _aDO-SdBNP
_bspa
_cBNPHU
082 _aP861.44
_bV297v
100 1 _aVargas de Rosas, Dorys,
_d1937-
_941614
245 1 0 _aVacai /
_cDorys Vargas de Rosas.
260 _aPanamá :
_bUniversitaria,
_c1997.
300 _a141 p. :
_bil., ;
_c21 cm.
590 _aAutobiografiado por autor
650 4 _aPoesía panameña
_94260
650 4 _aLiteratura panameña
_94261
049 _aBNGR
999 _c18886
_d18886